[Event "1st Online FIDE Cup for disabled players"]
[Site "T#646224FIDE"]
[Date "2020.05.21"]
[Round "3"]
[White "Evgenijkoishman"]
[Black "Guannan_Song"]
[Result "1/2-1/2"]
[WhiteElo "1754"]
[BlackElo "1620"]
[Annotator "NA"]
[PlyCount "123"]
[EventDate "2020.05.21"]
[EventType "swiss (blitz)"]

1. d4 {[%emt 0:00:03]} Nf6 {[%emt 0:00:02]} 2. Nc3 {[%emt 0:00:01]} c5 {[%emt 0:00:08]} 3. d5 {[%emt 0:00:02]} e5 {[%emt 0:00:08]} 4. e4 {[%emt 0:00:05]} d6 {[%emt 0:00:01]} 5. f4 {[%emt 0:00:02]} Bg4 {[%emt 0:00:14]} 6. Nf3 {[%emt 0:00:06]} Nbd7 {[%emt 0:00:04]} 7. Be2 {[%emt 0:00:11]} Bxf3 {[%emt 0:00:51]} 8. Bxf3 {[%emt 0:00:02]} exf4 {[%emt 0:00:01]} 9. Bxf4 {[%emt 0:00:02]} Ne5 {[%emt 0:00:01]} 10. Bxe5 {[%emt 0:00:14]} dxe5 {[%emt 0:00:02]} 11. O-O {[%emt 0:00:02]} Be7 {[%emt 0:00:12]} 12. Ne2 {[%emt 0:00:08]} O-O {[%emt 0:00:12]} 13. Ng3 {[%emt 0:00:21]} g6 {[%emt 0:00:03]} 14. c4 {[%emt 0:00:27]} Ne8 {[%emt 0:00:08]} 15. Qd3 {[%emt 0:00:35]} Nd6 {[%emt 0:00:10]} 16. b3 {[%emt 0:00:09]} b6 {[%emt 0:00:25]} 17. Rae1 {[%emt 0:00:28]} Bh4 {[%emt 0:00:29]} 18. Bg4 {[%emt 0:00:08]} Qg5 {[%emt 0:00:24]} 19. Bh3 {[%emt 0:00:47]} Bxg3 {[%emt 0:00:05]} 20. Qxg3 {[%emt 0:00:02]} Qxg3 {[%emt 0:00:44]} 21. hxg3 {[%emt 0:00:00]} Kg7 {[%emt 0:00:16]} 22. Kf2 {[%emt 0:00:19]} Rae8 {[%emt 0:00:20]} 23. g4 {[%emt 0:00:13]} g5 {[%emt 0:01:10]} 24. Ke3 {[%emt 0:00:07]} Rb8 {[%emt 0:00:17]} 25. Rc1 {[%emt 0:00:37]} Rfc8 {[%emt 0:00:16]} 26. Rc2 {[%emt 0:00:21]} a6 {[%emt 0:00:30]} 27. Rfc1 {[%emt 0:00:23]} Rc7 {[%emt 0:00:03]} 28. g3 {[%emt 0:00:03]} Rh8 {[%emt 0:00:19]} 29. Bg2 {[%emt 0:00:12]} h5 {[%emt 0:00:43]} 30. gxh5 {[%emt 0:00:14]} Rxh5 {[%emt 0:00:03]} 31. Rh1 {[%emt 0:00:06]} Rxh1 {[%emt 0:00:03]} 32. Bxh1 {[%emt 0:00:00]} b5 {[%emt 0:00:02]} 33. cxb5 {[%emt 0:00:21]} axb5 {[%emt 0:00:11]} 34. Bf3 {[%emt 0:00:20]} f5 {[%emt 0:01:44]} 35. exf5 {[%emt 0:00:59]} Nxf5+ {[%emt 0:00:00]} 36. Ke4 {[%emt 0:00:10]} Kf6 {[%emt 0:00:08]} 37. g4 {[%emt 0:00:28]} Nd6+ {[%emt 0:00:03]} 38. Ke3 {[%emt 0:00:04]} c4 {[%emt 0:00:17]} 39. Be2 {[%emt 0:01:10]} Rh7 {[%emt 0:00:07]} 40. bxc4 {[%emt 0:00:09]} Rh3+ {[%emt 0:00:03]} 41. Kf2 {[%emt 0:00:23]} bxc4 {[%emt 0:00:25]} 42. Kg2 {[%emt 0:00:25]} Ra3 {[%emt 0:00:16]} 43. Bxc4 {[%emt 0:00:04]} Nxc4 {[%emt 0:00:02]} 44. Rxc4 {[%emt 0:00:00]} Rxa2+ {[%emt 0:00:01]} 45. Kf3 {[%emt 0:00:05]} Ke7 {[%emt 0:00:42]} 46. Ke4 {[%emt 0:00:12]} Re2+ {[%emt 0:00:03]} 47. Kf5 {[%emt 0:00:03]} Kd6 {[%emt 0:00:05]} 48. Kxg5 {[%emt 0:00:37] Evgenijkoishman Предлагает ничью} Kxd5 {[%emt 0:00:05]} 49. Rc8 {[%emt 0:00:08]} Ke4 {[%emt 0:00:30]} 50. Kg6 {[%emt 0:00:09]} Rg2 {[%emt 0:00:11]} 51. g5 {[%emt 0:00:03]} Kd3 {[%emt 0:00:16]} 52. Kf6 {[%emt 0:00:16]} e4 {[%emt 0:00:02]} 53. g6 {[%emt 0:00:08]} e3 {[%emt 0:00:01]} 54. Rd8+ {[%emt 0:00:17]} Kc2 {[%emt 0:00:07]} 55. g7 {[%emt 0:00:10]} e2 {[%emt 0:00:04]} 56. Re8 {[%emt 0:00:02]} Kd2 {[%emt 0:00:09]} 57. Rxe2+ {[%emt 0:00:11]} Kxe2 {[%emt 0:00:02]} 58. Kf7 {[%emt 0:00:01]} Rf2+ {[%emt 0:00:01]} 59. Ke7 {[%emt 0:00:01]} Rg2 {[%emt 0:00:02]} 60. Kf7 {[%emt 0:00:01]} Rf2+ {[%emt 0:00:01]} 61. Ke7 {[%emt 0:00:01]} Rg2 {[%emt 0:00:01]} 62. Kf7 {[%emt 0:00:01] (Lag: Av=1.98s, max=37.1s)} 1/2-1/2

[Event "1st Online FIDE Cup for disabled players"]
[Site "T#646224FIDE"]
[Date "2020.05.21"]
[Round "3"]
[White "Morphy1977"]
[Black "Matthias Dorner"]
[Result "1-0"]
[WhiteElo "1733"]
[BlackElo "1620"]
[Annotator "NA"]
[PlyCount "49"]
[EventDate "2020.05.21"]
[EventType "swiss (blitz)"]

1. g3 {[%emt 0:00:07]} c6 {[%emt 0:00:01]} 2. Bg2 {[%emt 0:00:07]} d5 {[%emt 0:00:01]} 3. d3 {[%emt 0:00:07]} Nf6 {[%emt 0:00:01]} 4. Nd2 {[%emt 0:00:11]} Bf5 {[%emt 0:00:02]} 5. Ngf3 {[%emt 0:00:12]} e6 {[%emt 0:00:02]} 6. O-O {[%emt 0:00:08]} Nbd7 {[%emt 0:00:02]} 7. b3 {[%emt 0:00:08]} Be7 {[%emt 0:00:04]} 8. Bb2 {[%emt 0:00:06]} O-O {[%emt 0:00:02]} 9. c4 {[%emt 0:00:07]} h6 {[%emt 0:00:03]} 10. Rc1 {[%emt 0:00:08]} a5 {[%emt 0:00:03]} 11. a3 {[%emt 0:00:07]} Qb6 {[%emt 0:00:04]} 12. Qc2 {[%emt 0:00:10]} Bh7 {[%emt 0:00:05]} 13. Qb1 {[%emt 0:00:12]} Rfe8 {[%emt 0:00:06]} 14. Qa1 {[%emt 0:00:12]} Bf8 {[%emt 0:00:02]} 15. Ne5 {[%emt 0:00:46]} Nxe5 {[%emt 0:00:04]} 16. Bxe5 {[%emt 0:00:03]} Nd7 {[%emt 0:00:02]} 17. Bb2 {[%emt 0:00:20]} Nc5 {[%emt 0:00:21]} 18. Bd4 {[%emt 0:00:13]} f6 {[%emt 0:00:13]} 19. Bxc5 {[%emt 0:00:30]} Bxc5 {[%emt 0:00:03]} 20. Rc2 {[%emt 0:01:26]} Rec8 {[%emt 0:00:15]} 21. Bh3 {[%emt 0:00:16]} Kf7 {[%emt 0:00:06]} 22. Qc1 {[%emt 0:00:35]} f5 {[%emt 0:00:36]} 23. Nf3 {[%emt 0:00:19]} Bd6 {[%emt 0:00:04]} 24. c5 {[%emt 0:00:22]} Qxb3 {[%emt 0:00:19]} 25. cxd6 {[%emt 0:00:12] Matthias Dorner gibt auf (Lag: Av=0.30s, max=0.8s)} 1-0

[Event "1st Online FIDE Cup for disabled players"]
[Site "T#646224FIDE"]
[Date "2020.05.21"]
[Round "3"]
[White "Shahpalangov"]
[Black "Denis Palin"]
[Result "0-1"]
[WhiteElo "1722"]
[BlackElo "1620"]
[Annotator "NA"]
[PlyCount "116"]
[EventDate "2020.05.21"]
[EventType "swiss (blitz)"]

1. e4 {[%emt 0:00:04]} e6 {[%emt 0:00:08]} 2. d4 {[%emt 0:00:03]} d5 {[%emt 0:00:01]} 3. e5 {[%emt 0:00:03]} c5 {[%emt 0:00:01]} 4. c3 {[%emt 0:00:01]} Nc6 {[%emt 0:00:01]} 5. Nf3 {[%emt 0:00:03]} Nge7 {[%emt 0:00:01]} 6. Bd3 {[%emt 0:00:23]} cxd4 {[%emt 0:00:02]} 7. cxd4 {[%emt 0:00:02]} Nf5 {[%emt 0:00:01]} 8. Bxf5 {[%emt 0:00:01]} exf5 {[%emt 0:00:01]} 9. Nc3 {[%emt 0:00:06]} Be6 {[%emt 0:00:01]} 10. O-O {[%emt 0:00:02]} Be7 {[%emt 0:00:01]} 11. Re1 {[%emt 0:00:03]} g5 {[%emt 0:00:02]} 12. Qa4 {[%emt 0:00:26]} O-O {[%emt 0:00:06]} 13. h3 {[%emt 0:01:57]} f4 {[%emt 0:00:04]} 14. Nh2 {[%emt 0:00:53]} Qb6 {[%emt 0:01:02]} 15. Rd1 {[%emt 0:01:45]} Kg7 {[%emt 0:00:41]} 16. Qb5 {[%emt 0:00:11]} Qxb5 {[%emt 0:00:38]} 17. Nxb5 {[%emt 0:00:03]} Rac8 {[%emt 0:00:01]} 18. a3 {[%emt 0:00:06]} a6 {[%emt 0:00:11]} 19. Nc3 {[%emt 0:00:04]} f6 {[%emt 0:00:18]} 20. Nf3 {[%emt 0:00:08]} fxe5 {[%emt 0:00:21]} 21. dxe5 {[%emt 0:00:04]} Rcd8 {[%emt 0:00:06]} 22. Ne2 {[%emt 0:00:02]} Bf5 {[%emt 0:01:11]} 23. Ned4 {[%emt 0:00:06]} Nxd4 {[%emt 0:00:03]} 24. Nxd4 {[%emt 0:00:03]} Bc5 {[%emt 0:00:01]} 25. b4 {[%emt 0:00:11]} Bxd4 {[%emt 0:00:02]} 26. Rxd4 {[%emt 0:00:02]} Rfe8 {[%emt 0:00:21]} 27. Bb2 {[%emt 0:00:02]} Kf7 {[%emt 0:00:02]} 28. Rd2 {[%emt 0:00:07]} Be6 {[%emt 0:00:11]} 29. Bd4 {[%emt 0:00:05]} Rc8 {[%emt 0:00:01] Shahpalangov Ïðåäëàãàåò íèü} 30. Bc5 {[%emt 0:00:43]} Rc6 {[%emt 0:00:04]} 31. Rb1 {[%emt 0:00:32]} h5 {[%emt 0:00:18]} 32. h4 {[%emt 0:00:47]} Kg6 {[%emt 0:00:19]} 33. hxg5 {[%emt 0:00:13]} Kxg5 {[%emt 0:00:01]} 34. g3 {[%emt 0:01:13]} Rg8 {[%emt 0:00:20]} 35. Kh2 {[%emt 0:00:06]} Kf5 {[%emt 0:00:27]} 36. Re1 {[%emt 0:00:23]} Rc7 {[%emt 0:00:10]} 37. Rd4 {[%emt 0:00:12]} Rg4 {[%emt 0:00:28]} 38. Rxf4+ {[%emt 0:00:52]} Rxf4 {[%emt 0:00:01]} 39. gxf4 {[%emt 0:00:08]} Kxf4 {[%emt 0:00:01]} 40. a4 {[%emt 0:00:31]} Rg7 {[%emt 0:00:11]} 41. Re3 {[%emt 0:00:19]} h4 {[%emt 0:00:10]} 42. a5 {[%emt 0:00:16]} h3 {[%emt 0:00:01]} 43. Rg3 {[%emt 0:00:01]} Rxg3 {[%emt 0:00:07]} 44. fxg3+ {[%emt 0:00:01]} Kxe5 {[%emt 0:00:00]} 45. Kg1 {[%emt 0:00:02]} d4 {[%emt 0:00:04]} 46. Kf2 {[%emt 0:00:01]} Ke4 {[%emt 0:00:10]} 47. Bd6 {[%emt 0:00:03]} Kd3 {[%emt 0:00:07]} 48. Bf4 {[%emt 0:00:01]} Kc2 {[%emt 0:00:04]} 49. Kg1 {[%emt 0:00:26]} d3 {[%emt 0:00:02]} 50. b5 {[%emt 0:00:01]} axb5 {[%emt 0:00:02]} 51. a6 {[%emt 0:00:02]} bxa6 {[%emt 0:00:01]} 52. Kh2 {[%emt 0:00:01]} d2 {[%emt 0:00:02]} 53. g4 {[%emt 0:00:03]} d1=Q {[%emt 0:00:03]} 54. Bg3 {[%emt 0:00:04]} Qxg4 {[%emt 0:00:06]} 55. Kh1 {[%emt 0:00:04]} Bd5+ {[%emt 0:00:04]} 56. Kh2 {[%emt 0:00:02]} Be4 {[%emt 0:00:05]} 57. Kg1 {[%emt 0:00:04]} Qxg3+ {[%emt 0:00:01]} 58. Kf1 {[%emt 0:00:01]} Bd3# {[%emt 0:00:01] (Lag: Av=0.38s, max=0.7s)} 0-1

[Event "1st Online FIDE Cup for disabled players"]
[Site "T#646224FIDE"]
[Date "2020.05.21"]
[Round "3"]
[White "jeni64"]
[Black "Economist1"]
[Result "0-1"]
[WhiteElo "1710"]
[BlackElo "1620"]
[Annotator "NA"]
[PlyCount "76"]
[EventDate "2020.05.21"]
[EventType "swiss (blitz)"]

1. e4 {[%emt 0:00:10]} d6 {[%emt 0:00:04]} 2. d4 {[%emt 0:00:02]} Nf6 {[%emt 0:00:02]} 3. Nc3 {[%emt 0:00:03]} c6 {[%emt 0:00:02]} 4. Nf3 {[%emt 0:00:04]} Bg4 {[%emt 0:00:07]} 5. h3 {[%emt 0:00:06]} Bh5 {[%emt 0:00:03]} 6. Be2 {[%emt 0:00:04]} e6 {[%emt 0:00:03]} 7. O-O {[%emt 0:00:06]} Be7 {[%emt 0:00:03]} 8. Be3 {[%emt 0:00:23]} O-O {[%emt 0:00:15]} 9. Nd2 {[%emt 0:00:20]} Bxe2 {[%emt 0:00:20]} 10. Qxe2 {[%emt 0:00:01]} d5 {[%emt 0:00:01]} 11. e5 {[%emt 0:00:03]} Nfd7 {[%emt 0:00:03]} 12. f4 {[%emt 0:00:02]} c5 {[%emt 0:00:04]} 13. Nf3 {[%emt 0:00:16]} cxd4 {[%emt 0:00:05]} 14. Nxd4 {[%emt 0:00:03]} Nc6 {[%emt 0:00:03]} 15. Kh2 {[%emt 0:00:42]} a6 {[%emt 0:00:41]} 16. Rad1 {[%emt 0:00:11]} Rc8 {[%emt 0:00:05]} 17. Qf3 {[%emt 0:00:17]} Nxd4 {[%emt 0:00:23]} 18. Bxd4 {[%emt 0:00:03]} Qc7 {[%emt 0:00:18]} 19. Qg3 {[%emt 0:01:37]} f5 {[%emt 0:00:32]} 20. Qe3 {[%emt 0:01:34]} b5 {[%emt 0:00:20]} 21. Rd2 {[%emt 0:00:27]} Qa5 {[%emt 0:00:50]} 22. a3 {[%emt 0:01:14]} b4 {[%emt 0:00:18]} 23. axb4 {[%emt 0:00:15]} Qxb4 {[%emt 0:00:05]} 24. b3 {[%emt 0:00:25]} Qa5 {[%emt 0:00:45]} 25. Na4 {[%emt 0:01:03]} Rc6 {[%emt 0:00:16]} 26. Rf3 {[%emt 0:00:23]} Rfc8 {[%emt 0:00:11]} 27. Qd3 {[%emt 0:00:27]} Qc7 {[%emt 0:00:34]} 28. c3 {[%emt 0:00:10]} a5 {[%emt 0:00:23]} 29. g4 {[%emt 0:00:24]} Rf8 {[%emt 0:00:28]} 30. gxf5 {[%emt 0:00:09]} Rxf5 {[%emt 0:00:05]} 31. Rg2 {[%emt 0:00:03]} Nf8 {[%emt 0:00:18]} 32. Bb6 {[%emt 0:00:41]} Rxb6 {[%emt 0:00:23]} 33. Nxb6 {[%emt 0:00:02]} Qxb6 {[%emt 0:00:01]} 34. c4 {[%emt 0:00:04]} Ng6 {[%emt 0:00:25]} 35. Rg4 {[%emt 0:00:12]} dxc4 {[%emt 0:00:20]} 36. bxc4 {[%emt 0:00:03]} a4 {[%emt 0:00:13]} 37. Kg2 {[%emt 0:00:45]} a3 {[%emt 0:00:17]} 38. Rf2 {[%emt 0:00:05]} Nxe5 {[%emt 0:00:19] Time (Lag: Av=0.54s, max=1.2s)} 0-1

[Event "1st Online FIDE Cup for disabled players"]
[Site "T#646224FIDE"]
[Date "2020.05.21"]
[Round "3"]
[White "Annegret_Mucha"]
[Black "Andrei_Gurbanov"]
[Result "0-1"]
[WhiteElo "1620"]
[BlackElo "1711"]
[Annotator "NA"]
[PlyCount "50"]
[EventDate "2020.05.21"]
[EventType "swiss (blitz)"]

1. Nc3 {[%emt 0:00:03]} Nf6 {[%emt 0:00:04]} 2. e4 {[%emt 0:00:06]} e5 {[%emt 0:00:02]} 3. Nf3 {[%emt 0:00:08]} Nc6 {[%emt 0:00:02]} 4. Bc4 {[%emt 0:00:42]} Nxe4 {[%emt 0:00:09]} 5. Nxe4 {[%emt 0:00:10]} d5 {[%emt 0:00:02]} 6. Bd3 {[%emt 0:00:34]} dxe4 {[%emt 0:00:04]} 7. Bxe4 {[%emt 0:00:02]} Bd6 {[%emt 0:00:01]} 8. O-O {[%emt 0:00:08]} O-O {[%emt 0:00:01]} 9. Re1 {[%emt 0:00:35]} Bg4 {[%emt 0:00:08]} 10. h3 {[%emt 0:00:08]} Bh5 {[%emt 0:00:05]} 11. g4 {[%emt 0:01:04]} Bg6 {[%emt 0:00:05]} 12. Bxc6 {[%emt 0:00:25]} bxc6 {[%emt 0:00:00]} 13. Nxe5 {[%emt 0:00:16]} Bxe5 {[%emt 0:00:08]} 14. Rxe5 {[%emt 0:00:07]} Qd4 {[%emt 0:00:01]} 15. Re3 {[%emt 0:00:18]} f5 {[%emt 0:00:05]} 16. c3 {[%emt 0:00:21]} Qf6 {[%emt 0:00:12]} 17. Qe2 {[%emt 0:00:25]} Qh4 {[%emt 0:00:21]} 18. d4 {[%emt 0:00:57]} f4 {[%emt 0:00:11]} 19. Rf3 {[%emt 0:00:31]} Rae8 {[%emt 0:00:03]} 20. Qc4+ {[%emt 0:00:07]} Bf7 {[%emt 0:00:07]} 21. Qxc6 {[%emt 0:00:06]} Re1+ {[%emt 0:00:05]} 22. Kg2 {[%emt 0:00:11]} Bg6 {[%emt 0:00:29]} 23. Qd5+ {[%emt 0:01:05]} Kh8 {[%emt 0:00:14]} 24. Bxf4 {[%emt 0:00:48]} Be4 {[%emt 0:00:26]} 25. Bg3 {[%emt 0:02:04]} Bxd5 {[%emt 0:00:07] Annegret_Mucha gibt auf (Lag: Av=0.57s, max=0.7s)} 0-1

[Event "1st Online FIDE Cup for disabled players"]
[Site "T#646224FIDE"]
[Date "2020.05.21"]
[Round "3"]
[White "Dariya2504"]
[Black "LongGong"]
[Result "0-1"]
[WhiteElo "1620"]
[BlackElo "1620"]
[Annotator "NA"]
[PlyCount "134"]
[EventDate "2020.05.21"]
[EventType "swiss (blitz)"]

1. c4 {[%emt 0:00:06]} e5 {[%emt 0:00:04]} 2. Nc3 {[%emt 0:00:04]} Nc6 {[%emt 0:00:09]} 3. Nf3 {[%emt 0:00:06]} Nf6 {[%emt 0:00:15]} 4. g3 {[%emt 0:00:04]} d5 {[%emt 0:00:47]} 5. cxd5 {[%emt 0:00:09]} Nxd5 {[%emt 0:00:04]} 6. Bg2 {[%emt 0:00:08]} Nxc3 {[%emt 0:00:21]} 7. bxc3 {[%emt 0:00:05]} Bd6 {[%emt 0:00:40]} 8. d3 {[%emt 0:00:14]} O-O {[%emt 0:00:10]} 9. O-O {[%emt 0:00:05]} Be6 {[%emt 0:00:07]} 10. Bb2 {[%emt 0:00:08]} Qd7 {[%emt 0:00:18]} 11. Rc1 {[%emt 0:00:12]} Rae8 {[%emt 0:00:39]} 12. Re1 {[%emt 0:00:13]} Bh3 {[%emt 0:00:23]} 13. Bh1 {[%emt 0:00:21]} Bg4 {[%emt 0:00:39]} 14. Qd2 {[%emt 0:00:42]} h6 {[%emt 0:00:51]} 15. e4 {[%emt 0:00:41]} Qe6 {[%emt 0:00:22]} 16. Ba1 {[%emt 0:00:19]} b6 {[%emt 0:00:18]} 17. d4 {[%emt 0:00:28]} Rd8 {[%emt 0:00:17]} 18. d5 {[%emt 0:00:10]} Qf6 {[%emt 0:00:04]} 19. Qe3 {[%emt 0:01:02] LongGong reconnected. LongGong reconnected. LongGong reconnected.} Ne7 {[%emt 0:00:05]} 20. c4 {[%emt 0:00:21]} Bc5 {[%emt 0:00:11] LongGong reconnected.} 21. Qd3 {[%emt 0:00:49] LongGong reconnected.} c6 {[%emt 0:00:30] LongGong reconnected.} 22. Bxe5 {[%emt 0:00:30] LongGong reconnected.} Qg6 {[%emt 0:00:20] LongGong reconnected. LongGong reconnected.} 23. Bb2 {[%emt 0:01:34] LongGong reconnected. LongGong reconnected.} Bxf3 {[%emt 0:00:04]} 24. Bxf3 {[%emt 0:00:18] LongGong reconnected. LongGong reconnected.} h5 {[%emt 0:00:06]} 25. Qe2 {[%emt 0:00:29] LongGong reconnected. LongGong reconnected.} h4 {[%emt 0:00:04]} 26. Bh5 {[%emt 0:00:19]} Qg5 {[%emt 0:00:24] LongGong reconnected.} 27. Rcd1 {[%emt 0:00:43] LongGong reconnected.} hxg3 {[%emt 0:00:10]} 28. hxg3 {[%emt 0:00:11]} Qxg3+ {[%emt 0:00:08]} 29. Kh1 {[%emt 0:00:09] LongGong reconnected. LongGong reconnected.} Qh3+ {[%emt 0:00:03]} 30. Kg1 {[%emt 0:00:04]} Qg3+ {[%emt 0:00:25]} 31. Kh1 {[%emt 0:00:05]} Qh4+ {[%emt 0:00:06]} 32. Kg2 {[%emt 0:00:09]} Ng6 {[%emt 0:01:36]} 33. Qg4 {[%emt 0:00:36]} Qxf2+ {[%emt 0:00:17]} 34. Kh3 {[%emt 0:00:10]} Nf4+ {[%emt 0:00:09]} 35. Qxf4 {[%emt 0:00:13]} Qxf4 {[%emt 0:00:03]} 36. Rg1 {[%emt 0:00:11]} Bxg1 {[%emt 0:00:27]} 37. Rxg1 {[%emt 0:00:08]} Qh6 {[%emt 0:00:05]} 38. Rxg7+ {[%emt 0:00:33]} Kh8 {[%emt 0:00:07]} 39. Rxf7+ {[%emt 0:00:13]} Kg8 {[%emt 0:00:06]} 40. Rg7+ {[%emt 0:00:03]} Qxg7 {[%emt 0:00:04]} 41. Bxg7 {[%emt 0:00:04]} Kxg7 {[%emt 0:00:02]} 42. Kg4 {[%emt 0:00:05]} cxd5 {[%emt 0:00:05]} 43. exd5 {[%emt 0:00:07]} Kh6 {[%emt 0:00:13]} 44. Kh4 {[%emt 0:00:03]} Rf4+ {[%emt 0:00:05]} 45. Kh3 {[%emt 0:00:03]} Rxc4 {[%emt 0:00:05]} 46. Bg4 {[%emt 0:00:12]} Rxg4 {[%emt 0:00:05]} 47. Kxg4 {[%emt 0:00:02]} Rxd5 {[%emt 0:00:01]} 48. Kf4 {[%emt 0:00:03]} Rd2 {[%emt 0:00:03]} 49. Ke5 {[%emt 0:00:05]} Rxa2 {[%emt 0:00:03]} 50. Ke6 {[%emt 0:00:05]} Rd2 {[%emt 0:00:03]} 51. Kf5 {[%emt 0:00:04]} Rd5+ {[%emt 0:00:05]} 52. Ke4 {[%emt 0:00:04]} Rh5 {[%emt 0:00:04]} 53. Kf3 {[%emt 0:00:02]} Kg6 {[%emt 0:00:02]} 54. Ke3 {[%emt 0:00:14]} Ra5 {[%emt 0:00:05]} 55. Kd4 {[%emt 0:00:06]} Kf6 {[%emt 0:00:04]} 56. Ke4 {[%emt 0:00:03]} Rb5 {[%emt 0:00:11]} 57. Kd4 {[%emt 0:00:04]} Ke6 {[%emt 0:00:03]} 58. Kc4 {[%emt 0:00:04]} Rh5 {[%emt 0:00:02]} 59. Kb4 {[%emt 0:00:05]} a5+ {[%emt 0:00:04]} 60. Ka4 {[%emt 0:00:05]} Kd6 {[%emt 0:00:05]} 61. Kb3 {[%emt 0:00:13]} Kc5 {[%emt 0:00:05]} 62. Kc3 {[%emt 0:00:04]} Rh3+ {[%emt 0:00:02]} 63. Kb2 {[%emt 0:00:04]} Kc4 {[%emt 0:00:03]} 64. Kc2 {[%emt 0:00:02]} Rh2+ {[%emt 0:00:02]} 65. Kb1 {[%emt 0:00:02]} Kc3 {[%emt 0:00:02]} 66. Ka1 {[%emt 0:00:03]} Kb3 {[%emt 0:00:02]} 67. Kb1 {[%emt 0:00:03]} Rh1# {[%emt 0:00:01] Mate} 0-1

[Event "1st Online FIDE Cup for disabled players"]
[Site "T#646224FIDE"]
[Date "2020.05.21"]
[Round "3"]
[White "Marcin Tazbir"]
[Black "Lipilin_Ilia2002"]
[Result "1-0"]
[WhiteElo "1620"]
[BlackElo "1620"]
[Annotator "NA"]
[PlyCount "63"]
[EventDate "2020.05.21"]
[EventType "swiss (blitz)"]
[TimeControl "600+5"]

1. c4 {[%emt 0:00:04]} f5 {[%emt 0:00:10]} 2. g3 {[%emt 0:00:05]} Nf6 {[%emt 0:00:08]} 3. Bg2 {[%emt 0:00:01]} g6 {[%emt 0:00:03]} 4. Nc3 {[%emt 0:00:01]} Bg7 {[%emt 0:00:01]} 5. e3 {[%emt 0:00:01]} d6 {[%emt 0:00:01]} 6. Nge2 {[%emt 0:00:01]} c6 {[%emt 0:00:02]} 7. O-O {[%emt 0:00:01]} O-O {[%emt 0:00:01]} 8. b4 {[%emt 0:00:01]} e5 {[%emt 0:00:05]} 9. b5 {[%emt 0:00:01]} Be6 {[%emt 0:00:06]} 10. d3 {[%emt 0:00:03]} d5 {[%emt 0:00:09]} 11. bxc6 {[%emt 0:00:14]} bxc6 {[%emt 0:00:03]} 12. cxd5 {[%emt 0:00:13]} cxd5 {[%emt 0:00:02]} 13. Ba3 {[%emt 0:00:09]} Rf7 {[%emt 0:00:10]} 14. Rb1 {[%emt 0:00:19]} Nbd7 {[%emt 0:00:18]} 15. d4 {[%emt 0:00:27]} e4 {[%emt 0:00:10]} 16. Nf4 {[%emt 0:00:02]} Qe8 {[%emt 0:01:21]} 17. Nb5 {[%emt 0:00:05]} Bf8 {[%emt 0:00:30]} 18. Bxf8 {[%emt 0:00:05]} Nxf8 {[%emt 0:00:03]} 19. Nd6 {[%emt 0:00:05]} Qc6 {[%emt 0:00:09]} 20. Nxf7 {[%emt 0:00:04]} Bxf7 {[%emt 0:00:00]} 21. Qb3 {[%emt 0:00:21]} g5 {[%emt 0:00:03]} 22. Rfc1 {[%emt 0:00:09]} Qa6 {[%emt 0:00:04]} 23. Bf1 {[%emt 0:00:09]} Qd6 {[%emt 0:00:11]} 24. Nh3 {[%emt 0:00:06]} h6 {[%emt 0:00:03]} 25. Qb7 {[%emt 0:00:10]} Re8 {[%emt 0:00:06]} 26. Rc6 {[%emt 0:00:02]} Qd8 {[%emt 0:00:07]} 27. Qc7 {[%emt 0:00:33]} Ne6 {[%emt 0:00:48]} 28. Qxd8 {[%emt 0:00:07]} Rxd8 {[%emt 0:00:00]} 29. Be2 {[%emt 0:00:04]} Kg7 {[%emt 0:00:14]} 30. Rb7 {[%emt 0:00:07]} a5 {[%emt 0:00:05]} 31. Rxe6 {[%emt 0:00:06]} Rc8 {[%emt 0:00:04]} 32. Ree7 {[%emt 0:00:17] Lipilin_Ilia2002 Ñäàåòñÿ (Lag: Av=0.57s, max=1.6s)} 1-0

[Event "1st Online FIDE Cup for disabled players"]
[Site "T#646224FIDE"]
[Date "2020.05.21"]
[Round "3"]
[White "Acsgabor"]
[Black "Soltanov_Serik"]
[Result "1-0"]
[WhiteElo "1617"]
[BlackElo "1620"]
[Annotator "NA"]
[PlyCount "103"]
[EventDate "2020.05.21"]
[EventType "swiss (blitz)"]

1. e4 {[%emt 0:00:09]} Nf6 {[%emt 0:00:04]} 2. e5 {[%emt 0:00:07]} Nd5 {[%emt 0:00:04]} 3. c4 {[%emt 0:00:11]} Nb6 {[%emt 0:00:03]} 4. c5 {[%emt 0:00:01]} Nd5 {[%emt 0:00:02]} 5. Nc3 {[%emt 0:00:00]} e6 {[%emt 0:00:02]} 6. Nxd5 {[%emt 0:00:02]} exd5 {[%emt 0:00:02]} 7. d4 {[%emt 0:00:00]} d6 {[%emt 0:00:03]} 8. cxd6 {[%emt 0:00:03]} cxd6 {[%emt 0:00:02]} 9. Nf3 {[%emt 0:00:01]} Nc6 {[%emt 0:00:04]} 10. Be2 {[%emt 0:00:10]} dxe5 {[%emt 0:00:04]} 11. dxe5 {[%emt 0:00:04]} Bb4+ {[%emt 0:00:03]} 12. Bd2 {[%emt 0:00:03]} Qa5 {[%emt 0:00:04]} 13. Bxb4 {[%emt 0:00:54]} Qxb4+ {[%emt 0:00:04]} 14. Qd2 {[%emt 0:00:02]} Qxd2+ {[%emt 0:00:04]} 15. Kxd2 {[%emt 0:00:01]} O-O {[%emt 0:00:08]} 16. Rhe1 {[%emt 0:00:04]} Be6 {[%emt 0:00:11]} 17. Rac1 {[%emt 0:00:26]} Rac8 {[%emt 0:00:13]} 18. Bb5 {[%emt 0:00:12]} Ne7 {[%emt 0:01:25]} 19. Nd4 {[%emt 0:00:15]} Rfd8 {[%emt 0:00:32]} 20. Rxc8 {[%emt 0:00:39]} Bxc8 {[%emt 0:00:20]} 21. Rc1 {[%emt 0:00:19]} Ng6 {[%emt 0:00:14]} 22. Re1 {[%emt 0:00:22]} a6 {[%emt 0:00:13]} 23. Bd3 {[%emt 0:00:18]} Ne7 {[%emt 0:00:41]} 24. f4 {[%emt 0:00:12]} Bd7 {[%emt 0:00:18]} 25. Rc1 {[%emt 0:00:12]} Rc8 {[%emt 0:00:06]} 26. Rxc8+ {[%emt 0:00:05]} Bxc8 {[%emt 0:00:04]} 27. Ke3 {[%emt 0:00:24]} g6 {[%emt 0:00:04]} 28. h3 {[%emt 0:00:10]} Kf8 {[%emt 0:00:06]} 29. g4 {[%emt 0:00:05]} Ke8 {[%emt 0:00:04]} 30. f5 {[%emt 0:00:11]} Kd7 {[%emt 0:00:16]} 31. Kf4 {[%emt 0:00:23]} h6 {[%emt 0:00:20]} 32. h4 {[%emt 0:00:13]} gxf5 {[%emt 0:00:23]} 33. gxf5 {[%emt 0:00:04]} Nc6 {[%emt 0:00:08]} 34. Nxc6 {[%emt 0:00:24]} Kxc6 {[%emt 0:00:02]} 35. Be2 {[%emt 0:00:32]} Kd7 {[%emt 0:00:20]} 36. Bf3 {[%emt 0:00:09]} d4 {[%emt 0:00:07]} 37. Ke4 {[%emt 0:00:08]} Ke7 {[%emt 0:00:06]} 38. f6+ {[%emt 0:00:06]} Kd8 {[%emt 0:00:07]} 39. Kxd4 {[%emt 0:00:02]} b6 {[%emt 0:00:01]} 40. Bd5 {[%emt 0:00:09]} Ke8 {[%emt 0:00:04]} 41. a3 {[%emt 0:00:11]} Bd7 {[%emt 0:00:03]} 42. b4 {[%emt 0:00:02]} Ba4 {[%emt 0:00:13]} 43. Bc4 {[%emt 0:00:11]} a5 {[%emt 0:00:13]} 44. bxa5 {[%emt 0:00:01]} bxa5 {[%emt 0:00:02]} 45. Kc5 {[%emt 0:00:02]} Bc2 {[%emt 0:00:10]} 46. Bb5+ {[%emt 0:00:16]} Kd8 {[%emt 0:00:03]} 47. e6 {[%emt 0:00:50]} fxe6 {[%emt 0:00:37]} 48. Kd6 {[%emt 0:00:05]} Bg6 {[%emt 0:00:27]} 49. Kxe6 {[%emt 0:00:06]} Kc7 {[%emt 0:00:09]} 50. Ke7 {[%emt 0:00:24]} Kb6 {[%emt 0:00:07]} 51. Be8 {[%emt 0:00:02]} Bd3 {[%emt 0:00:06]} 52. f7 {[%emt 0:00:02] Soltanov_Serik Ñäàåòñÿ (Lag: Av=0.73s, max=1.5s)} 1-0